Christianisme et philosophie
Uloženo v:
| Hlavní autor: | |
|---|---|
| Médium: | Kniha |
| Jazyk: | francouzština |
| Vydáno: |
París
J. Vrin
1949
|
| Témata: | |
| Tagy: |
Přidat tag
Žádné tagy, Buďte první, kdo vytvoří štítek k tomuto záznamu!
|
MARC
| LEADER | 00000nam a2200000 a 4500 | ||
|---|---|---|---|
| 001 | UCZ5200 | ||
| 003 | CL-VaPUC | ||
| 008 | 951117e19490000FR |||||||||||||||||fre|d | ||
| 082 | 0 | 4 | |a 200.1 |b GIL |2 21 |
| 100 | |a Gilson, Étienne |e autor |9 349171 | ||
| 245 | 1 | 0 | |a Christianisme et philosophie |
| 300 | |a 168 p | ||
| 942 | |c BK | ||
| 945 | |d 19951117 00:00:00 |a cmena | ||
| 260 | |a París |b J. Vrin |c 1949 | ||
| 650 | 0 | |a Filosofía cristiana |9 265980 | |
| 650 | 0 | |a Filosofía de la naturaleza |9 265899 | |
| 650 | 0 | |a Catolicismo |9 258690 | |
| 650 | 0 | |a Teología |9 258766 | |
| 650 | 0 | |a Inteligencia |9 267038 | |
| 583 | |a last modification |c 19951117 00:00:00 |k Rodrigo Vera | ||
| 999 | |c 241522 |d 241520 | ||
| 952 | |0 0 |1 0 |4 0 |6 200_100000000000000_GIL_1949 |7 0 |8 P |9 253859 |a BIBEDU |b BIBEDU |c BIBEDU_PB |d 2019-11-19 |i 1572687 |o 200.1 GIL 1949 |p 1572687 |r 2024-01-25 |w 2019-11-19 |y BK |k FIL | ||